| 000 | 01383nam a22002777a 4500 | ||
|---|---|---|---|
| 005 | 20091214105341.0 | ||
| 008 | 091214t xxu||||| |||| 00| 0 eng d | ||
| 010 | _aB-380604-606 | ||
| 020 |
_a9780007244461 _c75.00 |
||
| 035 | _aB-380604-606 | ||
| 037 | _bUBH | ||
| 040 |
_adpl _bEnglish |
||
| 082 | _aS | ||
| 245 |
_aTalk talk talk / _cretold by Martin Waddell; illustrated by Mike Phillips |
||
| 260 |
_aLondon _bCollins _c2007 |
||
| 270 |
_a77-85, Fulham Palace Road, Hammersmith _bLondon |
||
| 300 |
_a24p.: _bcol. ill. _c21cm(pbk) |
||
| 490 |
_aCollins big cat read at home; edited by Cliff Moon _vlevel 3 book a- explore reading |
||
| 700 | _aWaddell, Martin | ||
| 700 | _aPhillips, Mike | ||
| 942 |
_2ddc _cCH _mTAL _hS |
||
| 999 |
_c32710 _d32710 |
||